Koneya Bili Betegara ಕೊನೆಯ ಬಿಳಿ ಬೇಟೆಗಾರ (Record no. 229402)

MARC details
000 -LEADER
fixed length control field 03311nam a22002297a 4500
005 - DATE AND TIME OF LATEST TRANSACTION
control field 20231208165013.0
008 - FIXED-LENGTH DATA ELEMENTS--GENERAL INFORMATION
fixed length control field 231207b ||||| |||| 00| 0 eng d
040 ## - CATALOGING SOURCE
Transcribing agency AL
041 ## - LANGUAGE CODE
Language code of text/sound track or separate title Kannada
082 ## - DEWEY DECIMAL CLASSIFICATION NUMBER
Edition number 23
Item number ANDK
Classification number 799.26092K
100 ## - MAIN ENTRY--PERSONAL NAME
Personal name Donald Anderson ಡೊನಾಲ್ಡ್ ಆಂಡರ್ಸನ್
100 ## - MAIN ENTRY--PERSONAL NAME
9 (RLIN) 144680
245 ## - TITLE STATEMENT
Title Koneya Bili Betegara ಕೊನೆಯ ಬಿಳಿ ಬೇಟೆಗಾರ
260 ## - PUBLICATION, DISTRIBUTION, ETC.
Place of publication, distribution, etc. Bengaluru
Name of publisher, distributor, etc. AKruti Pusthaka
Date of publication, distribution, etc. 2023
300 ## - PHYSICAL DESCRIPTION
Extent xii,371 p.
Other physical details PB
Dimensions 21x14 cm.
365 ## - TRADE PRICE
Price type code BLCR-000064
Price amount ₹316.00
Currency code
Unit of pricing ₹395.00
Price note 20%
Price effective from 25-11-2023
520 ## - SUMMARY, ETC.
Summary, etc. ವನ್ಯ ಸಾಹಿತ್ಯದಲ್ಲಿ ಹೆಸರಾಂತ ಬೇಟೆಗಾರರಾಗಿದ್ದ ಕೆನ್ನೆತ್ ಆಂಡರ್ಸನ್‌ರವರ ಪುತ್ರನೇ ಡೊನಾಲ್ಡ್ ಆಂಡರ್ಸನ್ (1934-2014). ಬೇಟೆಯ ಕೌಶಲ್ಯದಲ್ಲಿ, ವನ್ಯಜೀವಿಗಳ ವಿನಾಶದಲ್ಲಿ ತಂದೆಯನ್ನೂ ಮೀರಿದ ಮಗ! ಅವನ ಕೊನೆಗಾಲದಲ್ಲಿ ಆಸರೆ ಕೊಟ್ಟ ಜೋಷುವಾ ಮ್ಯಾಥ್ಯ, ಡೊನಾಲ್ಡ್ ಆಂಡರ್ಸನ್ ಹೇಳಿದ ಅಪಾರ ವನ್ಯ ಅನುಭವಗಳನ್ನೂ ಅವನ ರಸಿಕ ಜೀವಿತದ ರಂಜಕ ಘಟನೆಗಳನ್ನೂ ಇಂಗ್ಲಿಷ್‌ನಲ್ಲಿ ದಾಖಲಿಸಿ ಓದುಗರಿಗೆ ಈಗಾಗಲೇ ನೀಡಿದ್ದಾರೆ. ಈಗ ಖ್ಯಾತ ಲೇಖಕಿ ಎಲ್. ಮೀರಾ ಅವರು ಆ ಇಂಗ್ಲಿಷ್ ಕಥನಕ್ಕೆ ಇನ್ನಷ್ಟು ಮೆರುಗು ನೀಡಿ ಅನುವಾದಿಸಿ ಕನ್ನಡದ ಓದುಗರ ಮುಂದೆ ಇಟ್ಟಿದ್ದಾರೆ. ವನ್ಯಾಸಕ್ತ ಓದುಗರಿಗೆ ಈ ಹೊತ್ತಿಗೆಯಲ್ಲಿ ಆಂಡೆರ್ಸನ್‌ನ ಕಾಡಿನ ಸಾಹಸಗಳ ಬಗ್ಗೆ, ವನ್ಯಜೀವಿಗಳ ಬಗ್ಗೆ, ಹಾಗೂ ಅವುಗಳನ್ನು ದೇಶ ಸ್ವತಂತ್ರವಾಗುವ ಮೊದಲೇ ವಿನಾಶದ ಅಂಚಿಗೆ ತಳ್ಳಿದ ಬೇಟೆಗಾರರ ಬಗ್ಗೆ ರೋಚಕ ವಿವರಗಳು ಸಾಕಷ್ಟು ದೊರೆಯುತ್ತವೆ. ಅಷ್ಟೇ ಮುಖ್ಯವಾಗಿ ದೇಶ ಸ್ವತಂತ್ರವಾಗುತ್ತಿದ್ದಂತೆ ಬದಲಾವಣೆಯ ಬಿರುಗಾಳಿಗೆ ಸಿಲುಕಿದ ಬೆಂಗಳೂರಿನ ಆಂಗ್ಲೋ ಇಂಡಿಯನ್ ಸಮಾಜ ಅತಂತ್ರವಾದ ನೈಜ ಚಿತ್ರಣವೂ ಈ ಕಥಾನಕದಲ್ಲಿ ಸೊಗಸಾಗಿ ಮೂಡಿಬಂದಿದ್ದು, ಒಟ್ಟಾರೆಯಾಗಿ ಕನ್ನಡ ಓದುಗರಿಗೆ ಒಂದು ಹೊಸ ಪ್ರಪಂಚವನ್ನು ತೆರೆದಿಟ್ಟಿದೆ ಎಂಬುದು ನನ್ನ ಅಭಿಪ್ರಾಯ.<br/><br/>- ಕೆ. ಉಲ್ಲಾಸ ಕಾರಂತ
650 ## - SUBJECT ADDED ENTRY--TOPICAL TERM
Topical term or geographic name entry element Vasahtu Shikariyobbana Nenapugalu ವಸಾಹತು ಶಿಕಾರಿಯೊಬ್ಬನ ನೆನಪುಗಳು
9 (RLIN) 144571
700 ## - ADDED ENTRY--PERSONAL NAME
Personal name ANDERSON (Donald)
9 (RLIN) 144567
700 ## - ADDED ENTRY--PERSONAL NAME
Personal name MATHEW (Joshua)
9 (RLIN) 144568
700 ## - ADDED ENTRY--PERSONAL NAME
Personal name MEERA (L G) Tr
9 (RLIN) 144569
942 ## - ADDED ENTRY ELEMENTS (KOHA)
Source of classification or shelving scheme Dewey Decimal Classification
Koha item type Book
Holdings
Withdrawn status Lost status Source of classification or shelving scheme Damaged status Not for loan Collection code Home library Current library Date acquired Source of acquisition Cost, normal purchase price Total Checkouts Full call number Barcode Date last seen Cost, replacement price Price effective from Koha item type
    Dewey Decimal Classification     General St Aloysius Library St Aloysius Library 11/27/2023 Navakarnataka Publications Pvt.Ltd. 316.00   799.26092K ANDK 076968 12/07/2023 395.00 12/07/2023 Book